000 00818nam a2200301Ia 4500
003 OSt
005 20220918163542.0
006 a|||||r|||| 00| 0
007 ta
008 220917b |||||||| |||| 00| 0 eng d
020 _a0130213365 (hbk)
024 _a160,641
037 _cTextual
040 _aARTS
_cARTS
_beng
041 _2eng
_aeng
082 _aS8, P0
100 _aTaylor Shelly E.
_913549
245 0 _aSocial psychology
250 _a10th
260 _aNew Jersey
_bPrentice Hall
_c2000
300 _axiii, 570 p.
_ccm.
490 _aFYUP DC-1 PSY
650 _aPSYCHOLOGY
700 _a Peplau Letitia Anne
_913706
700 _a Sears David O.
_913707
942 _hS8, P0
_cTEXL
_2CC
999 _c120051
_d120051